| 000 | 00610nam a22002177a 4500 | ||
|---|---|---|---|
| 005 | 20211209092632.0 | ||
| 008 | 211209b ||||| |||| 00| 0 eng d | ||
| 020 | _a8185617619 | ||
| 040 | _cAL | ||
| 041 | _aEng | ||
| 082 |
_223 _a954.6 _bSCHK |
||
| 100 |
_aVictoria Schofield _911371 |
||
| 245 | _aKashmir in the crossfire | ||
| 260 |
_aNew Delhi _bViva Books Private Limited _c1997 |
||
| 300 |
_axiii,354 p. _bHB _c23.5x15.5 cm. |
||
| 365 |
_b₹595.00 _c₹ _d₹595.00 |
||
| 650 |
_aKashmir _911372 |
||
| 650 |
_aSelf-determination _911373 |
||
| 700 |
_aSCHOFIELD (Victoria) _911374 |
||
| 942 |
_2ddc _cGF |
||
| 999 |
_c220902 _d220902 |
||